プロ野球スピリッツA【プロスピA】 ワールドスター(WS)の選手名 - Statistics

General Stats
  • This quiz has been taken 383 times
    299 since last reset
  • The average score is 20 of 28
Answer Stats
登場年度 球団名 選手名 % Correct
2018~2025 日本ハム 大谷翔平(投)
95%
2018~2025 日本ハム 大谷翔平(打)
95%
2024~2025 オリックス 山本由伸
94%
2025 中日 小笠原慎之介
90%
2024~2025 DeNA 今永昇太
90%
2023~2025 オリックス 吉田正尚
87%
2015~2025 日本ハム ダルビッシュ有
86%
2024~2025 楽天 松井裕樹
85%
2022~2025 広島 鈴木誠也
85%
2019~2025 西武 菊池雄星
85%
2020~2022 DeNA 筒香嘉智
82%
2016~2025 広島 前田健太
81%
2024 日本ハム 上沢直之
80%
2015~2020 楽天 田中将大
80%
2023~2025 ソフトバンク 千賀滉大
77%
2023~2024 阪神 藤浪晋太郎
77%
2021~2022 日本ハム 有原航平
73%
2020~2021 西武 秋山翔吾
72%
2015~2017 ヤクルト 青木宣親
62%
2020 巨人 山口俊
54%
2018~2020 オリックス 平野佳寿
51%
2021~2022 巨人 澤村拓一
49%
2015~2018 楽天 岩隈久志
49%
2015 阪神 藤川球児
45%
2015 ソフトバンク (Aランク) 和田毅
44%
2015~2016 ソフトバンク 川﨑宗則
43%
2018~2019 西武 牧田和久
37%
2015~2017 巨人 上原浩治
33%
No matching quizzes found
Score Distribution
Percent of People with Each Score
Percentile by Number Answered
Your Score History
You have not taken this quiz since the last reset